| 000 | 00448nam a2200157 i 4500 | ||
|---|---|---|---|
| 001 | 82484 | ||
| 003 | ES-MaACL | ||
| 005 | 20230906174659.0 | ||
| 007 | t| | ||
| 008 | 041110s1965 sp ||||1| spa d | ||
| 100 | 1 |
_aIllanes RodrÃguez, Antonio. _965189 |
|
| 245 | 1 | 0 |
_aDel viejo estudio _b: (anecdotario) / _cAntonio Illanes RodrÃguez. |
| 260 |
_aSevilla : _b[s.n., _c1965] |
||
| 300 |
_a121 p. ; _c20 cm. |
||
| 852 |
_aES-MaACL _jC-27680 _bR.56883 |
||
| 999 |
_c82484 _d82484 |
||